000 00485nam a2200181Ia 4500
008 100920s9999 xx 000 0 und d
082 _b51843
_a15 थ 87
100 _aPANDIAN SOORIAN A.
245 _aTHE HIDDEN HERITAGE.
260 _bSTERLING PUBLISHERS PVT LTD., NEW DELHI.
_c1987
300 _a125
_bसाधी
365 _b8
520 _aसोशो.
630 _aTHE HIDDEN HERITAGE.
650 _aसोशो.
730 _aTHE HIDDEN HERITAGE.
942 _cBOOK
999 _c697475
_d697472